[Event "LTU-chT"]
[Site "Lithuania"]
[Date "2023.03.04"]
[Round "1.2"]
[White "Setkauskas, Vaidas"]
[Black "Ketlerius, Arijus"]
[Result "1-0"]
[WhiteElo "2248"]
[BlackElo "1867"]
[PlyCount "69"]
[EventDate "2023.03.04"]
[EventType "team"]
[EventRounds "7"]
[EventCountry "LTU"]
[SourceTitle "CBM 213 Extra"]
[Source "ChessBase"]
[SourceDate "2023.05.31"]
[SourceVersion "1"]
[SourceVersionDate "2023.05.31"]
[SourceQuality "1"]
[WhiteTeam "Vilnius MRU"]
[BlackTeam "Vilnius Muskietininkai"]
[WhiteTeamCountry "LTU"]
[BlackTeamCountry "LTU"]

1. e4 Nf6 2. e5 Nd5 3. Nc3 e6 4. Nf3 d6 5. Nxd5 exd5 6. d4 dxe5 7. dxe5 Bg4 8. Bf4 Be7 9. Bd3 0-0 10. h3 Bh5 11. Qe2 c5 12. c3 Nc6 13. 0-0 Qd7 14. Rad1 Rad8 15. Rd2 Qe6 16. Rfd1 d4 17. g4 dxc3 18. bxc3 Bg6 19. Bc4 Qc8 20. e6 Rxd2 21. Rxd2 Rd8 22. Bd5 Bf6 23. Qc4 Na5 24. exf7+ Kf8 25. Qa4 Bxc3 26. Re2 b5 27. Qxb5 Bxf7 28. Bxf7 Kxf7 29. Be5 a6 30. Qa4 Bb4 31. Qc2 h6 32. a3 Bxa3 33. Qa2+ Kf8 34. Qxa3 Nc4 35. Bxg7+ 1-0

[Event "LTU-chT"]
[Site "Lithuania"]
[Date "2022.03.19"]
[Round "6.1"]
[White "Viskelis, Darius"]
[Black "Setkauskas, Vaidas"]
[Result "1/2-1/2"]
[WhiteElo "2200"]
[BlackElo "2229"]
[PlyCount "114"]
[EventDate "2022.03.11"]
[EventType "team-swiss"]
[EventRounds "7"]
[EventCountry "LTU"]
[SourceTitle "CBM 207 Extra"]
[Source "ChessBase"]
[SourceDate "2022.05.31"]
[SourceVersion "1"]
[SourceVersionDate "2022.05.31"]
[SourceQuality "1"]
[WhiteTeam "Vilnius LKSF"]
[BlackTeam "Vilnius MRU"]
[WhiteTeamCountry "LTU"]
[BlackTeamCountry "LTU"]

1. e4 c5 2. Nf3 g6 3. d4 cxd4 4. Nxd4 Bg7 5. c4 Nc6 6. Be3 d6 7. Nc3 Nf6 8. f3 0-0 9. Be2 Nxd4 10. Bxd4 Be6 11. 0-0 Qa5 12. Qd2 Rfc8 13. b3 a6 14. Rfd1 Nd7 15. Bxg7 Kxg7 16. a4 Kg8 17. f4 Rab8 18. h3 Nc5 19. Rab1 Qb4 20. Qb2 Qb6 21. a5 Qa7 22. Kh1 b6 23. axb6 Qxb6 24. Qa3 Qb4 25. Qb2 Nxb3 26. f5 Bxc4 27. f6 Be6 28. Nd5 Bxd5 29. exd5 a5 30. fxe7 Re8 31. Qf6 Rb7 32. Rd3 Qe4 33. Rdxb3 Rxb3 34. Rxb3 Qxe2 35. Rb7 Qd1+ 36. Kh2 Qxd5 37. Rd7 Qe6 38. Qxe6 fxe6 39. Rxd6 Rxe7 40. Ra6 Kf7 41. Rxa5 Kf6 42. g4 e5 43. Kg3 h5 44. gxh5 gxh5 45. Kf3 Kf5 46. Ra8 Re6 47. Rf8+ Rf6 48. Rh8 Rf7 49. Ke3 Kg5 50. Ke4 Rf1 51. Kxe5 Re1+ 52. Kd4 Kh4 53. Rh7 Re8 54. Rh6 Ra8 55. Ke3 Ra5 56. Rg6 Kxh3 57. Kf2 Kh4 1/2-1/2

[Event "LTU-chT"]
[Site "Lithuania"]
[Date "2021.05.09"]
[Round "4.1"]
[White "Setkauskas, Vaidas"]
[Black "Paulauskas, Andrius"]
[Result "1/2-1/2"]
[WhiteElo "2238"]
[BlackElo "1906"]
[PlyCount "108"]
[EventDate "2021.05.07"]
[EventType "team-swiss"]
[EventRounds "7"]
[EventCountry "LTU"]
[SourceTitle "CBM 202 Extra"]
[Source "ChessBase"]
[SourceDate "2021.07.31"]
[SourceVersion "1"]
[SourceVersionDate "2021.07.31"]
[SourceQuality "1"]
[WhiteTeam "Vilnius MRU"]
[BlackTeam "Vilnius BTT Cloud"]
[WhiteTeamCountry "LTU"]
[BlackTeamCountry "LTU"]

1. e4 e6 2. d4 d5 3. Bd3 dxe4 4. Bxe4 Nf6 5. Bf3 c5 6. Ne2 Be7 7. Be3 cxd4 8. Qxd4 Qxd4 9. Nxd4 a6 10. c4 e5 11. Nb3 e4 12. Be2 Nc6 13. 0-0 0-0 14. Nc3 Bf5 15. h3 Bd6 16. g4 Bg6 17. h4 h6 18. g5 hxg5 19. hxg5 Nh7 20. Rfd1 Be7 21. Rd7 Bxg5 22. Rxb7 f5 23. Rb6 Be8 24. Nd5 Bd8 25. Rb7 Rf7 26. Nc5 Rxb7 27. Nxb7 Rb8 28. Nxd8 Rxd8 29. Bb6 Rb8 30. c5 Bf7 31. Rd1 Ng5 32. Bxa6 Bxd5 33. Rxd5 Nb4 34. Rxf5 Nf3+ 35. Rxf3 exf3 36. Bc4+ Kf8 37. Bc7 Rc8 38. Bd6+ Ke8 39. a3 Nc6 40. Be6 Ra8 41. Bd5 Kd7 42. Bxf3 Ra4 43. Kf1 Rc4 44. Ke1 Nd4 45. Bg4+ Kc6 46. Bd1 Nf5 47. Bf8 Re4+ 48. Kf1 Rd4 49. Bf3+ Kc7 50. b4 Rd8 51. Bd6+ Nxd6 52. cxd6+ Rxd6 53. Be2 Rd2 54. a4 Rd4 1/2-1/2

[Event "LTU-chT"]
[Site "Lithuania"]
[Date "2021.05.08"]
[Round "3.1"]
[White "Greicius, Pijus"]
[Black "Setkauskas, Vaidas"]
[Result "1/2-1/2"]
[WhiteElo "1980"]
[BlackElo "2238"]
[PlyCount "46"]
[EventDate "2021.05.07"]
[EventType "team-swiss"]
[EventRounds "7"]
[EventCountry "LTU"]
[SourceTitle "CBM 202 Extra"]
[Source "ChessBase"]
[SourceDate "2021.07.31"]
[SourceVersion "1"]
[SourceVersionDate "2021.07.31"]
[SourceQuality "1"]
[WhiteTeam "Kaunas SBK"]
[BlackTeam "Vilnius MRU"]
[WhiteTeamCountry "LTU"]
[BlackTeamCountry "LTU"]

1. d4 Nf6 2. c4 e6 3. Nc3 d5 4. cxd5 exd5 5. Bg5 Be7 6. e3 0-0 7. Bd3 c6 8. Qc2 h6 9. Bh4 Re8 10. Nf3 Nbd7 11. 0-0 Ne4 12. Bxe7 Qxe7 13. b4 Ndf6 14. Rab1 a6 15. a4 Bd7 16. Ne5 Nd6 17. b5 axb5 18. axb5 Rec8 19. bxc6 Bxc6 20. Rb6 Nd7 21. Nxc6 bxc6 22. Rb2 Ra5 23. Ra2 Qd8 1/2-1/2

[Event "EU-Cup 35th"]
[Site "Ulcinj"]
[Date "2019.11.16"]
[Round "7.10"]
[White "Setkauskas, Vaidas"]
[Black "Dambiermont, Henri"]
[Result "1-0"]
[WhiteElo "2195"]
[BlackElo "1708"]
[PlyCount "91"]
[EventDate "2019.11.10"]
[EventType "team-swiss"]
[EventRounds "7"]
[EventCountry "MNE"]
[SourceTitle "CBM 193 Extra"]
[Source "ChessBase"]
[SourceDate "2020.01.31"]
[SourceVersion "1"]
[SourceVersionDate "2020.01.31"]
[SourceQuality "1"]
[WhiteTeam "MRU ROSK Consulting"]
[BlackTeam "Mosan Echiquier"]
[WhiteTeamCountry "LTU"]
[BlackTeamCountry "NED"]

1. e4 e5 2. Nf3 Nf6 3. Nxe5 d6 4. Nf3 Nxe4 5. Nc3 Nxc3 6. dxc3 Be7 7. Be3 Nc6 8. Qd2 Be6 9. Ng5 Bxg5 10. Bxg5 f6 11. Be3 a6 12. 0-0-0 Qd7 13. h3 0-0-0 14. Be2 Ne5 15. b3 Qe7 16. Rhe1 d5 17. f4 Qa3+ 18. Kb1 Nc6 19. Bf3 d4 20. Bxd4 Bf5 21. Be4 Bxe4 22. Rxe4 f5 23. Re2 Nxd4 24. cxd4 Rd5 25. Re5 Rhd8 26. Qe3 Qd6 27. Re6 Qd7 28. Re7 Qd6 29. c3 c5 30. Rxg7 cxd4 31. cxd4 Rxd4 32. Qc3+ Qc6 33. Rc1 Rd1 34. Qxc6+ bxc6 35. Rxd1 Rxd1+ 36. Kc2 Rf1 37. g3 Rf2+ 38. Kc3 h5 39. h4 Rxa2 40. Kd4 Rb2 41. Ke5 Rxb3 42. Kxf5 Re3 43. g4 Rg3 44. g5 Rh3 45. g6 Rxh4 46. Rf7 1-0

[Event "LTU-chT"]
[Site "Lithuania"]
[Date "2018.01.27"]
[Round "1.4"]
[White "Pakalniskis, Romas"]
[Black "Setkauskas, Vaidas"]
[Result "0-1"]
[WhiteElo "1735"]
[BlackElo "2176"]
[PlyCount "70"]
[EventDate "2018.01.27"]
[EventType "team-swiss"]
[EventRounds "7"]
[EventCountry "LTU"]
[SourceTitle "EXT 2019"]
[Source "ChessBase"]
[SourceDate "2018.10.10"]
[SourceVersion "1"]
[SourceVersionDate "2018.10.10"]
[SourceQuality "1"]
[WhiteTeam "Vilnius LASF"]
[BlackTeam "Vilnius MRU"]
[WhiteTeamCountry "LTU"]
[BlackTeamCountry "LTU"]

1. d4 Nf6 2. c4 c5 3. d5 b5 4. cxb5 a6 5. b6 g6 6. Nc3 Qxb6 7. Nf3 Bg7 8. g3 d6 9. Bg2 0-0 10. 0-0 Nbd7 11. Nd2 a5 12. a4 Ba6 13. Ra3 Qc7 14. Re1 Rab8 15. Rb3 Rb4 16. Qc2 Nb6 17. Ra3 Qd7 18. h3 Rb8 19. e4 Nh5 20. Kh2 Bd4 21. Nf3 Nc4 22. Ra2 Nf6 23. Nxd4 cxd4 24. Nb5 Bxb5 25. axb5 Qxb5 26. Bf1 Qc5 27. b3 Ne5 28. Qxc5 Nf3+ 29. Kh1 dxc5 30. Rd1 Nxe4 31. Bc4 Nc3 32. Rdd2 Nxd2 33. Rxd2 Rxc4 34. bxc4 Rb1 35. Rc2 d3 0-1

[Event "LTU-chT"]
[Site "Lithuania"]
[Date "2017.01.28"]
[Round "1.4"]
[White "Setkauskas, Vaidas"]
[Black "Ulevicius, Paulius"]
[Result "1-0"]
[WhiteElo "2183"]
[BlackElo "1351"]
[PlyCount "97"]
[EventDate "2017.01.28"]
[EventType "team-swiss"]
[EventRounds "7"]
[EventCountry "LTU"]
[SourceTitle "CBM 176 Extra"]
[Source "ChessBase"]
[SourceDate "2017.03.02"]
[SourceVersion "1"]
[SourceVersionDate "2017.03.02"]
[SourceQuality "1"]
[WhiteTeam "Vilnius MRU"]
[BlackTeam "Vilkaviskis Sirvinta"]
[WhiteTeamCountry "LTU"]
[BlackTeamCountry "LTU"]

1. e4 c5 2. Nf3 Nc6 3. d4 cxd4 4. Nxd4 Nf6 5. Nc3 e6 6. Ndb5 d6 7. Bf4 e5 8. Bg5 a6 9. Na3 Be7 10. Nc4 d5 11. exd5 Nxd5 12. Nxd5 Bxg5 13. Ndb6 Rb8 14. Nd6+ Kf8 15. Ndxc8 Kg8 16. Bc4 Qc7 17. Qd6 Rxc8 18. Nxc8 Qxc8 19. 0-0 Be7 20. Qd5 Qf5 21. f4 Nd8 22. fxe5 Qg6 23. Kh1 Kf8 24. Rad1 Ke8 25. Qd7+ Kf8 26. Bxf7 Qxf7 27. Rxf7+ Kxf7 28. Rf1+ Kg6 29. Qxe7 h6 30. Rf8 Rxf8 31. Qxf8 Nf7 32. e6 Ng5 33. e7 b5 34. e8R a5 35. Re7 b4 36. Rxg7+ Kh5 37. Rxg5+ hxg5 38. Qc5 Kg4 39. Qxa5 Kh5 40. Qxb4 Kg6 41. a4 Kh5 42. a5 Kg6 43. a6 Kh5 44. a7 Kg6 45. a8R Kh6 46. Qd6+ Kh5 47. Qe5 Kg6 48. Qe6+ Kh5 49. Rh8# 1-0

[Event "LTU-ch sf"]
[Site "Vilnius"]
[Date "2016.03.11"]
[Round "8"]
[White "Sidabras, Jonas"]
[Black "Setkauskas, Vaidas"]
[Result "0-1"]
[WhiteElo "1949"]
[BlackElo "2252"]
[PlyCount "68"]
[EventDate "2016.03.06"]
[EventType "swiss"]
[EventRounds "8"]
[EventCountry "LTU"]
[SourceTitle "CBM 171 Extra"]
[Source "ChessBase"]
[SourceDate "2016.04.26"]
[SourceVersion "1"]
[SourceVersionDate "2016.04.26"]
[SourceQuality "1"]

1. d4 Nf6 2. Nf3 g6 3. Bf4 Bg7 4. e3 0-0 5. h3 d6 6. Be2 c5 7. c3 b6 8. 0-0 Bb7 9. a4 Nbd7 10. a5 Bc6 11. axb6 axb6 12. Na3 Qc7 13. Nb5 Qb7 14. Qb3 Rfc8 15. Rfd1 h6 16. Ne1 Nf8 17. dxc5 bxc5 18. c4 Ne6 19. Bh2 Nc7 20. Qd3 Na6 21. Bf3 Bxf3 22. Nxf3 Nb4 23. Qe2 Rxa1 24. Rxa1 Ra8 25. Ra3 Nd7 26. Ne1 Nb6 27. b3 Rxa3 28. Nxa3 Qa8 29. Nb5 Qa1 30. Bg3 Qb1 31. Kh2 Qxb3 32. Bxd6 exd6 33. Qf3 Qxc4 34. Qb7 Qxb5 0-1

[Event "LTU-ch sf"]
[Site "Vilnius"]
[Date "2016.03.10"]
[Round "7"]
[White "Setkauskas, Vaidas"]
[Black "Zukauskas, Arnas Povilas"]
[Result "1/2-1/2"]
[WhiteElo "2252"]
[BlackElo "1932"]
[PlyCount "88"]
[EventDate "2016.03.06"]
[EventType "swiss"]
[EventRounds "8"]
[EventCountry "LTU"]
[SourceTitle "CBM 171 Extra"]
[Source "ChessBase"]
[SourceDate "2016.04.26"]
[SourceVersion "1"]
[SourceVersionDate "2016.04.26"]
[SourceQuality "1"]

1. e4 c5 2. Nf3 e6 3. g3 Nc6 4. Bg2 Nf6 5. Nc3 d6 6. d4 cxd4 7. Nxd4 Be7 8. Nxc6 bxc6 9. e5 Nd5 10. exd6 Bxd6 11. Ne2 Ba6 12. 0-0 0-0 13. Re1 Qf6 14. Nd4 Rac8 15. c3 Bc5 16. Nf3 h6 17. Qc2 Rfd8 18. a3 Nb6 19. Ne5 Nd5 20. Rb1 Bd6 21. Ng4 Qe7 22. Ne3 Bc5 23. Bf1 Bxf1 24. Nxf1 a5 25. Nd2 Ra8 26. c4 Nf6 27. Ne4 Nxe4 28. Qxe4 Rac8 29. Be3 Bxe3 30. Qxe3 c5 31. Red1 Qf6 32. Rd2 Rd4 33. Rxd4 Qxd4 34. Qxd4 cxd4 35. Rc1 d3 36. Kf1 d2 37. Rd1 Rxc4 38. Rxd2 Kf8 39. Rd7 Rc2 40. Rb7 g5 41. h3 Kg7 42. Kg2 Kg6 43. Rb5 h5 44. Kf3 f5 1/2-1/2

[Event "LTU-ch sf"]
[Site "Vilnius"]
[Date "2016.03.07"]
[Round "3"]
[White "Setkauskas, Vaidas"]
[Black "Martinkus, Rolandas"]
[Result "1/2-1/2"]
[WhiteElo "2252"]
[BlackElo "2158"]
[PlyCount "198"]
[EventDate "2016.03.06"]
[EventType "swiss"]
[EventRounds "8"]
[EventCountry "LTU"]
[SourceTitle "CBM 171 Extra"]
[Source "ChessBase"]
[SourceDate "2016.04.26"]
[SourceVersion "1"]
[SourceVersionDate "2016.04.26"]
[SourceQuality "1"]

1. e4 e5 2. Nf3 Nc6 3. Bb5 a6 4. Ba4 Nf6 5. d3 d6 6. c3 g6 7. 0-0 Bg7 8. Re1 0-0 9. Nbd2 h6 10. Nf1 Nh7 11. Bxc6 bxc6 12. d4 exd4 13. cxd4 Rb8 14. h3 Re8 15. Qc2 Ng5 16. N1d2 Ne6 17. Nb3 Bd7 18. Bd2 Rb5 19. Rac1 Qb8 20. Qd3 Qb7 21. Bc3 Rh5 22. Qd2 Ng5 23. Nxg5 hxg5 24. Qd3 Qc8 25. Nd2 g4 26. hxg4 Bxg4 27. Qg3 Bh6 28. f3 Bd7 29. Rcd1 Bg5 30. Qf2 Qd8 31. Nf1 Bf4 32. g3 Qg5 33. Bd2 Qh6 34. Nh2 Bxd2 35. Qxd2 Qh8 36. g4 Rh3 37. Qf2 Rb8 38. Rd2 Qh6 39. Kf1 Qf4 40. Qe3 Qf6 41. Ree2 c5 42. Ke1 Bxg4 43. Rf2 cxd4 44. Qxd4 Qxd4 45. Rxd4 Be6 46. b3 a5 47. Kd2 Rb4 48. Kc3 Rxd4 49. Kxd4 Kf8 50. Nf1 Ke8 51. Nd2 Kd7 52. Rg2 Rh5 53. Kd3 Rc5 54. Nb1 Rc1 55. Nc3 Rh1 56. Rg5 Rh5 57. Rg2 c6 58. Ne2 g5 59. Ke3 c5 60. Rg1 f6 61. Rg2 Rh3 62. Ng1 Rh4 63. Ne2 Kc6 64. Ng3 Rh7 65. Ne2 d5 66. exd5+ Bxd5 67. Nc3 Rh3 68. Nxd5 Kxd5 69. Rd2+ Kc6 70. Ke4 Rh4+ 71. Ke3 a4 72. Rd8 axb3 73. axb3 Rb4 74. Rf8 Rxb3+ 75. Ke2 Kd5 76. Rxf6 Rb2+ 77. Ke3 Ke5 78. Rg6 Rb3+ 79. Ke2 Kf5 80. Rc6 Rc3 81. Rc8 Rc1 82. Kd2 Rc4 83. Kd3 Rd4+ 84. Ke3 Rd5 85. Rc6 Re5+ 86. Kf2 Kf4 87. Rf6+ Rf5 88. Rc6 Rd5 89. Ke2 Re5+ 90. Kf2 Rd5 91. Ke2 Re5+ 92. Kf2 Rf5 93. Rc8 Rd5 94. Ke2 Kg3 95. Re8 c4 96. Rc8 Rd4 97. Rc7 Kf4 98. Rc5 g4 99. fxg4 Kxg4 1/2-1/2

[Event "LTU-chT"]
[Site "Lithuania"]
[Date "2016.02.07"]
[Round "5.3"]
[White "Setkauskas, Vaidas"]
[Black "Zukauskas, Arnas Povilas"]
[Result "0-1"]
[WhiteElo "2252"]
[BlackElo "1932"]
[PlyCount "131"]
[EventDate "2016.01.23"]
[EventType "team-swiss"]
[EventRounds "7"]
[EventCountry "LTU"]
[SourceTitle "EXT 2017"]
[Source "ChessBase"]
[SourceDate "2016.10.25"]
[SourceVersion "1"]
[SourceVersionDate "2016.10.25"]
[SourceQuality "1"]
[WhiteTeam "Vilnius MRU"]
[BlackTeam "Marijampole Mantinga"]
[WhiteTeamCountry "LTU"]
[BlackTeamCountry "LTU"]

1. e4 c5 2. Nc3 Nc6 3. Nf3 e6 4. d4 cxd4 5. Nxd4 d6 6. Be2 Nf6 7. 0-0 Be7 8. Be3 0-0 9. f4 a6 10. Bf3 Qc7 11. Qe1 Rd8 12. Qg3 d5 13. exd5 Nxd5 14. Nxd5 exd5 15. Rad1 Bf6 16. c3 Na5 17. Qf2 Nc4 18. Bc1 b5 19. Nb3 Bb7 20. Rd3 Rd6 21. Rfd1 Rad8 22. Nd4 R6d7 23. Nf5 g6 24. Ne3 d4 25. Ng4 Bg7 26. Bxb7 Qxb7 27. Qe2 Qc8 28. cxd4 Rxd4 29. Nf2 Rxd3 30. Nxd3 Bd4+ 31. Kh1 Re8 32. Qf3 Ne3 33. Re1 Qf5 34. Nf2 Re6 35. Bd2 Qc2 36. Bxe3 Bxe3 37. Nh3 Bd4 38. Rf1 Qxb2 39. Ng5 Rf6 40. Ne4 Rc6 41. Ng3 Rc1 42. Rxc1 Qxc1+ 43. Qf1 Qxf1+ 44. Nxf1 f5 45. g3 Kf7 46. Kg2 Ke6 47. Kf3 Kd5 48. Ke2 Kc4 49. Kd2 Bc3+ 50. Ke2 Bd4 51. Kd2 Bb6 52. h3 Ba5+ 53. Ke2 Kc3 54. g4 fxg4 55. hxg4 Kb2 56. Kd3 Kxa2 57. Ne3 Bd8 58. Nd5 Kb3 59. Nc3 Kb2 60. Ne4 Be7 61. Nc3 Kb3 62. Nd5 Bd8 63. f5 gxf5 64. gxf5 a5 65. f6 Bxf6 66. Nxf6 0-1

[Event "Vilnius Mikenas Memorial op"]
[Site "Vilnius"]
[Date "2015.09.18"]
[Round "8"]
[White "Setkauskas, Vaidas"]
[Black "Kupreichik, Viktor D"]
[Result "1-0"]
[WhiteElo "2271"]
[BlackElo "2378"]
[PlyCount "35"]
[EventDate "2015.09.12"]
[EventType "swiss"]
[EventRounds "9"]
[EventCountry "LTU"]
[SourceTitle "EXT 2016"]
[Source "ChessBase"]
[SourceDate "2015.10.08"]
[SourceVersion "1"]
[SourceVersionDate "2015.10.08"]
[SourceQuality "1"]

1. e4 c5 2. Nc3 Nc6 3. f4 g6 4. Nf3 Bg7 5. Bc4 e6 6. 0-0 Nge7 7. d3 d5 8. Bb3 0-0 9. Qe1 a6 10. Ne2 Na5 11. c3 b5 12. Bc2 Bb7 13. Qf2 Qc7 14. Be3 Rac8 15. b4 dxe4 16. dxe4 Nc4 17. Bxc5 Nd2 18. Nxd2 1-0

[Event "Vilnius Mikenas Memorial op"]
[Site "Vilnius"]
[Date "2015.09.17"]
[Round "7"]
[White "Novikov, Vitalij"]
[Black "Setkauskas, Vaidas"]
[Result "0-1"]
[WhiteElo "2318"]
[BlackElo "2271"]
[PlyCount "70"]
[EventDate "2015.09.12"]
[EventType "swiss"]
[EventRounds "9"]
[EventCountry "LTU"]
[SourceTitle "EXT 2016"]
[Source "ChessBase"]
[SourceDate "2015.10.08"]
[SourceVersion "1"]
[SourceVersionDate "2015.10.08"]
[SourceQuality "1"]

1. e4 e5 2. Nf3 Nc6 3. Bb5 Nge7 4. 0-0 g6 5. c3 Bg7 6. d4 exd4 7. cxd4 a6 8. Bxc6 bxc6 9. h3 Rb8 10. Nc3 0-0 11. Re1 h6 12. b3 c5 13. Bb2 cxd4 14. Na4 Re8 15. Bxd4 Bxd4 16. Qxd4 d6 17. Rad1 Bb7 18. Qe3 Nf5 19. Qf4 Ng7 20. Qxh6 Qf6 21. e5 dxe5 22. Ng5 Bc6 23. Nc5 Nf5 24. Qh7+ Kf8 25. Rd7 Re7 26. Rxe7 Kxe7 27. Rxe5+ Qxe5 28. Qxf7+ Kd6 29. Nce6 Bd7 30. Nf8 Ne7 31. f4 Qf5 32. Ne4+ Qxe4 33. Qf6+ Be6 34. Nxe6 Qxe6 35. Qd4+ Nd5 0-1

[Event "Vilnius Mikenas Memorial op"]
[Site "Vilnius"]
[Date "2015.09.16"]
[Round "6"]
[White "Setkauskas, Vaidas"]
[Black "Vedrickas, Tautvydas"]
[Result "1/2-1/2"]
[WhiteElo "2271"]
[BlackElo "2330"]
[PlyCount "77"]
[EventDate "2015.09.12"]
[EventType "swiss"]
[EventRounds "9"]
[EventCountry "LTU"]
[SourceTitle "EXT 2016"]
[Source "ChessBase"]
[SourceDate "2015.10.08"]
[SourceVersion "1"]
[SourceVersionDate "2015.10.08"]
[SourceQuality "1"]

1. e4 g6 2. Nc3 Bg7 3. g3 c5 4. Bg2 e6 5. d3 Ne7 6. Be3 b6 7. Qd2 h6 8. d4 Nbc6 9. Nge2 cxd4 10. Nxd4 Na5 11. Ndb5 Nc4 12. Nd6+ Nxd6 13. Qxd6 0-0 14. Bd4 f6 15. 0-0 Bb7 16. Rad1 Rf7 17. Be3 Bc6 18. Qd2 Kh7 19. Ne2 e5 20. c4 f5 21. Nc3 Qg8 22. f4 fxe4 23. Nxe4 Nf5 24. Nd6 Nxd6 25. Qxd6 Bxg2 26. Kxg2 exf4 27. Bxf4 Re8 28. Rfe1 Rxe1 29. Rxe1 Qa8+ 30. Kg1 Bxb2 31. h4 Qf3 32. Re3 Qg4 33. Kg2 Qf5 34. Re2 Bg7 35. Qd5 Qg4 36. Re8 Rf8 37. Re4 Qf5 38. Qxf5 Rxf5 39. Re7 1/2-1/2

[Event "Vilnius Mikenas Memorial op"]
[Site "Vilnius"]
[Date "2015.09.15"]
[Round "5"]
[White "Zaksaite, Salomeja"]
[Black "Setkauskas, Vaidas"]
[Result "0-1"]
[WhiteElo "2202"]
[BlackElo "2271"]
[PlyCount "74"]
[EventDate "2015.09.12"]
[EventType "swiss"]
[EventRounds "9"]
[EventCountry "LTU"]
[SourceTitle "EXT 2016"]
[Source "ChessBase"]
[SourceDate "2015.10.08"]
[SourceVersion "1"]
[SourceVersionDate "2015.10.08"]
[SourceQuality "1"]

1. e4 c5 2. Nf3 d6 3. d4 cxd4 4. Nxd4 Nf6 5. Nc3 g6 6. g3 Bd7 7. Bg2 Nc6 8. Nde2 Bg7 9. 0-0 0-0 10. h3 Rc8 11. Nd5 Ne5 12. Nd4 Re8 13. c3 Nc4 14. a4 Bc6 15. b3 Nb6 16. c4 Nbd7 17. Ra2 Nc5 18. Re1 a6 19. Ba3 Nfd7 20. Rd2 Bh6 21. Rde2 Bg7 22. Bb2 Ne5 23. Re3 e6 24. Nc3 Qb6 25. Ba1 Ncd3 26. Nce2 Nxe1 27. Qxe1 Nd7 28. a5 Qc7 29. Bc3 Bh6 30. f4 e5 31. Nxc6 Qxc6 32. Bb2 b5 33. axb6 Qxb6 34. Qc3 Nc5 35. Kh2 Rb8 36. Nc1 Na4 37. bxa4 Qxb2 0-1

[Event "Vilnius Mikenas Memorial op"]
[Site "Vilnius"]
[Date "2015.09.13"]
[Round "2"]
[White "Kazakouski, Valery"]
[Black "Setkauskas, Vaidas"]
[Result "1-0"]
[WhiteElo "2354"]
[BlackElo "2271"]
[PlyCount "63"]
[EventDate "2015.09.12"]
[EventType "swiss"]
[EventRounds "9"]
[EventCountry "LTU"]
[SourceTitle "EXT 2016"]
[Source "ChessBase"]
[SourceDate "2015.10.08"]
[SourceVersion "1"]
[SourceVersionDate "2015.10.08"]
[SourceQuality "1"]

1. Nf3 d5 2. d4 c6 3. c4 e6 4. Qc2 dxc4 5. Qxc4 Nf6 6. Qc2 b5 7. e4 Bb7 8. Bd3 h6 9. 0-0 Nbd7 10. Nc3 b4 11. Na4 Rc8 12. Be3 Qa5 13. Nd2 Ng4 14. Bf4 c5 15. Nc4 Qd8 16. h3 Ngf6 17. d5 Be7 18. Rfe1 Nh5 19. Bh2 g5 20. dxe6 fxe6 21. e5 Nf4 22. Bxf4 gxf4 23. Bg6+ Kf8 24. Be4 Ba6 25. Rad1 Qc7 26. Nd6 Rd8 27. Qc1 Bg5 28. h4 Nxe5 29. hxg5 Rxd6 30. Qxf4+ Nf7 31. g6 Rd7 32. Rxd7 1-0

[Event "LTU-chT"]
[Site "Lithuania"]
[Date "2015.03.28"]
[Round "6.3"]
[White "Mickevicius, Juras"]
[Black "Setkauskas, Vaidas"]
[Result "1-0"]
[WhiteElo "2312"]
[BlackElo "2261"]
[PlyCount "61"]
[EventDate "2015.01.24"]
[EventType "team-tourn"]
[EventRounds "7"]
[EventCountry "LTU"]
[SourceTitle "EXT 2016"]
[Source "ChessBase"]
[SourceDate "2015.10.08"]
[SourceVersion "1"]
[SourceVersionDate "2015.10.08"]
[SourceQuality "1"]
[WhiteTeam "Vilnius Chess United"]
[BlackTeam "Vilnius MRU"]
[WhiteTeamCountry "LTU"]
[BlackTeamCountry "LTU"]

1. d4 d5 2. c4 Nc6 3. Nc3 dxc4 4. Nf3 Bg4 5. d5 Bxf3 6. gxf3 Ne5 7. f4 Nd7 8. Qa4 a6 9. Qxc4 Nb6 10. Qb3 g6 11. e4 Nf6 12. a4 Bh6 13. a5 Nbd7 14. Qxb7 0-0 15. Qc6 Nh5 16. Bh3 f5 17. Bxf5 Ndf6 18. Be6+ Kh8 19. e5 Ne8 20. Be3 Bxf4 21. Bd4 Bh6 22. Ne2 Neg7 23. Ra3 Qb8 24. 0-0 Nf4 25. Nxf4 Bxf4 26. Bg4 Qb4 27. Ra4 Qb3 28. Ra3 Qb4 29. Ra4 Qb3 30. Qc4 Qb7 31. Rb4 1-0

[Event "LTU-ch sf"]
[Site "Vilnius"]
[Date "2015.02.18"]
[Round "1"]
[White "Salna, Aleksandras"]
[Black "Setkauskas, Vaidas"]
[Result "0-1"]
[WhiteElo "1809"]
[BlackElo "2261"]
[PlyCount "95"]
[EventDate "2015.02.18"]
[EventType "swiss"]
[EventRounds "8"]
[EventCountry "LTU"]
[SourceTitle "CBM 165 Extra"]
[Source "ChessBase"]
[SourceDate "2015.04.21"]
[SourceVersion "1"]
[SourceVersionDate "2015.04.21"]
[SourceQuality "1"]

1. d4 Nf6 2. Nf3 g6 3. Bf4 Bg7 4. e3 0-0 5. Be2 d6 6. h3 Nc6 7. 0-0 Qe8 8. c3 e5 9. dxe5 dxe5 10. Bh2 a6 11. Nbd2 Qe7 12. Nc4 Nd7 13. a4 Nc5 14. b4 Rd8 15. Nfd2 Ne4 16. Qc2 Nxd2 17. Nxd2 Bf5 18. e4 Bxh3 19. Nf3 Bg4 20. b5 Na5 21. bxa6 bxa6 22. Rfd1 Rxd1+ 23. Rxd1 Be6 24. Qd2 Qc5 25. Rb1 Nc4 26. Bxc4 Bxc4 27. Qb2 f6 28. Rd1 Qc6 29. Qb4 Bf8 30. Qa5 Bc5 31. Bxe5 Bb3 32. Rb1 Bc2 33. Rc1 Bxe4 34. Bxf6 Bxf3 35. gxf3 Rf8 36. Bh4 Rf5 37. Kf1 Qxf3 38. Qxc7 Bxf2 39. Qc8+ Kg7 40. Qxf5 Qxf5 41. Bxf2 h5 42. c4 Qd3+ 43. Kg1 h4 44. Kg2 h3+ 45. Kh2 Qd2 46. Rf1 Qe2 47. Kg1 h2+ 48. Kg2 0-1

[Event "LTU-chT"]
[Site "Lithuania"]
[Date "2015.02.15"]
[Round "4.2"]
[White "Kalinauskas, Rolandas"]
[Black "Setkauskas, Vaidas"]
[Result "0-1"]
[WhiteElo "1943"]
[BlackElo "2261"]
[PlyCount "76"]
[EventDate "2015.01.24"]
[EventType "team-tourn"]
[EventRounds "7"]
[EventCountry "LTU"]
[SourceTitle "EXT 2016"]
[Source "ChessBase"]
[SourceDate "2015.10.08"]
[SourceVersion "1"]
[SourceVersionDate "2015.10.08"]
[SourceQuality "1"]
[WhiteTeam "Marijampole Suduva"]
[BlackTeam "Vilnius MRU"]
[WhiteTeamCountry "LTU"]
[BlackTeamCountry "LTU"]

1. e4 c5 2. Nf3 Nc6 3. d3 g6 4. g3 Bg7 5. Bg2 e6 6. 0-0 Nge7 7. Nbd2 0-0 8. Re1 d6 9. a4 b6 10. c3 Rb8 11. Nc4 a6 12. Bf4 e5 13. Bg5 Be6 14. Bxe7 Qxe7 15. Ne3 h6 16. Nd5 Qd7 17. Nd2 Rfc8 18. Nc4 Qd8 19. h4 h5 20. Qc2 Bh6 21. Kh2 Kh7 22. Bh3 Kg7 23. Rf1 Ne7 24. Nce3 Qd7 25. Bg2 f5 26. Nxe7 Qxe7 27. Nd5 Qf7 28. f4 Bxd5 29. exd5 exf4 30. gxf4 Re8 31. Qf2 Re7 32. Rae1 Rbe8 33. Kg3 Qf6 34. Bf3 Kf8 35. Rxe7 Qxe7 36. Rd1 Bxf4+ 37. Kxf4 Qe5+ 38. Kg5 f4+ 0-1